000 01593cam a22002054a 4500
005 20250605163432.0
008 250528s ||||||||||||||||||||||||d
035 _a19169
020 _a9600108005
040 _aGR-AtMCL
_bgre
_dGR-AtMCL
_eAACR2
245 1 _aΔυσλεξία και Σχολείο / Η Εμπειρία ενός Αιώνα
250 _a
260 _bGutenberg,
_c1999
300 _a400
520 _aΤο σύνδρομο της Ειδικής Εξελικτικής Δυσλεξίας συνιστά μια σοβαρή διαταραχή στη χρήση και κατανόηση του γραπτου λόγου. Πρόλογος, Εισαγωγή, Το Σύνδρομο της Δυσλεξίας, Η Κλινική Εικόνα της Δυσλεξίας, Δυσλεξία και Άλλες Παράμετροι, Η Αιτιολογία της Δυσλεξίας, Μονοπαραγοντικές Θεωρίες: Ιατρική Προοπτική, Πολυπαραγοντικές Θεωρίες: Γνωστική Προοπτική, Γραπτός Λόγος και Δυσλεξική Συμπεριφορά, Ανάγνωση, Γραφή, Δυσλεξία και Μαθηματικά, Δυσλεξία και Παρέμβαση στο Σχολείο, Διάγνωση του Δυσλεξικού Παιδιού, Στρατηγικές Παρέμβασης στο Σχολείο, Αντί Επιλόγου, Επίμετρο, Παραρτήματα.
700 1 _aΣτασινός Δημήτρης Π
942 _cBK
999 _c4443
_d4443